000 00479cam a22002054a 4500
005 20250605164321.0
008 250528s ||||||||||||||||||||||||d
035 _a22915
020 _a9780201750768
040 _aGR-AtMCL
_bgre
_dGR-AtMCL
_eAACR2
245 1 _aPRACTICAL WEB TECHNOLOGIES
250 _a1
260 _bAddison-Wesley,
_c2003
300 _a903
700 1 _aLau V
_98540
700 1 _aYuen P.K
_98541
942 _cBK
999 _c7958
_d7958